Datum a čas kvízu
38
Celkem bodů
Celkový počet nahraných bodů na tomto kvízu bez doplňovacích otázek.
2.
Pořadí na kvízu
Konečné umístění týmu na tomto kvízu.
Zaznamenané odpovědi
| # | Otázka | Odpověď | Body | Výsledky |
|---|---|---|---|---|
| 1. | Toto téma již asi většina zná... | Kofola | 0 | |
| 2. | Nyní hledáme potravinu. Rytíři... | jogurt | 1 | |
| 3. | Nyní hledáme součást automobil... | svíčka | 1 | |
| 4. | Odhalte název filmu. Odrůda ré... | Matrix | 1 | |
| 5. | V této otázce budete muset vyl... | Bamako | 1 | |
| 6. | Začneme v českých končinách kl... | 4 tisíce | 1 | |
| 7. | Pojmenujte karetní postřehovou... | Dobble | 1 | |
| 8. | Mnoho slavných počítačových he... | D | 1 | |
| 9. | Které číslo musí padnout na ko... | číslo 7 | 1 | |
| 10. | Jednou z nejznámějších a nejpr... | Samurajský meč | 0 |